| 000 | 00426nam a22001577a 4500 | ||
|---|---|---|---|
| 003 | SGT | ||
| 020 | _a9780781788175 | ||
| 082 |
_a615.507 _bE10L |
||
| 100 | _aLO, BERNARD | ||
| 245 | _aETHICAL ISSUES IN CLINICAL RESEARCH: A PRACTICAL GUIDE | ||
| 260 |
_aLONDON _bWOLTERS KLUWER _c2010 |
||
| 300 | _a292 | ||
| 650 | _aCLINICAL RESEARCH | ||
| 653 | _aETHICAL, ISSUES, CLINICAL, RESEARCH, A PRACTICAL, GUIDE | ||
| 942 |
_2ddc _cBK |
||
| 999 |
_c26933 _d26933 |
||